Australia geography - Statistics

General Stats
  • This quiz has been taken 51 times
  • The average score is 19 of 25
Answer Stats
Questions Answer % Correct
14) 2nd largest city in Australia, the capital of Victoria Melbourne
98%
5) This city is the most remote large city in the world, capital of western Australia Perth
98%
3) Biggest city in Queensland, 3rd largest in Australia Brisbane
93%
16) Capital of Australia Canberra
93%
15) Largest city of the remote Northern Territory, named for the explorerand creator of the theory of evolution Darwin
93%
1) This archaeological wonder sits on the city harborand is home to theatrical and art performances Sydney Opera House
93%
6) Massive sandstone monolith in the desert of the NorthernTerritory, formerly named Ayers Rock Uluru
93%
9) Biggest city in South Australia, home to many art museums on the river Torrens Adelaide
91%
11) Largest coral reef in the world, off of eastern Australia Great Barrier Reef
91%
4) Sydney is the biggest city in Australias' _____ _____ _____ province New South Wales
91%
2) Region of vast, remote shrub-land and desert covering most of central Australia outback
91%
10) Australias largest island, its capital is Hobart Tasmania
91%
24) This country first colonized Australia in 1788 with a penal colony in Sydney United Kingdom
86%
7) Nearest town to the above, a desert gateway to the remoteRed Centre Alice Springs
81%
25) This remote Australian island south of Java, Indonesia is known for its red crabs and rainforests. Named after the Christian holiday Christmas island
81%
19) This tree dwelling, herbivorous marsupial is native to Australia koala
81%
21) Most popular beach in Sydney, with white sands and waves for surfing Bondi
77%
20) This popular brown spread is made from leftover yeast extract withadded vegetables and spices Vegemite
77%
12) This city in far northern Queensland is the gateway to the above Cairns
74%
23) Australias' longest river at over 2500 km long Murray
60%
8) Large open bay off the coast of southern and western Australia Great Australian Bight
56%
17) City on the northwest coast of Western Australia, known for itspearl mining and white sand beaches Broome
40%
22) This town in the remote part of South Australia is referred to as theopal capital of the world Coober Pedy
30%
18) Tallest mountain on mainland Australia in NSW Snowy Mountain range Kosciuszko
30%
13) This tower, the tallest in Australia, sits overlooking the beaches ofGold Coast, Queensland Q1
23%
No matching quizzes found
Score Distribution
Percent of People with Each Score
Percentile by Number Answered
Your Score History
You have not taken this quiz